LEADER 00976nam0-22003011i-450- 001 990005708360403321 005 20110923124930.0 035 $a000570836 035 $aFED01000570836 035 $a(Aleph)000570836FED01 035 $a000570836 100 $a19990604d1972----km-y0itay50------ba 101 0 $afre 105 $ayf------00--- 200 1 $a<>génie de l'architecture ou l'analogie de cet art avec nos sensations$fNicolas Le Camus de Mèzières 205 $aRéimpr. de l'Fd.: Paris, 1780 210 $aGeneve$cMinkoff reprint$d1972 215 $a276 p., 1 tav.$d22 cm 610 0 $aArchitettura$aTeorie$aSec. 18. 676 $a720.1 700 1$aLe Camus de Mézières,$bNicolas$0401737 801 0$aIT$bUNINA$gRICA$2UNIMARC 901 $aBK 912 $a990005708360403321 952 $a720.1 LEC 2$bST. ARTE 13603$fFLFBC 959 $aFLFBC 996 $aGénie de l'architecture ou l'analogie de cet art avec nos sensations$9573762 997 $aUNINA LEADER 00876nlm 2200277Ia 450 001 996379547403316 005 20201221121420.0 010 $a9780080458069 100 $a20041202d2005---- uy 0 101 0 $aeng 102 $aGB 135 $adrcnu 200 1 $aShipping company strategies$eglobal management under turbulent conditions$fPeter Lorange 210 1 $aBingley$cEmerald$d2005 215 $aTesto elettronico (PDF) (XIII, 196 p.) 230 $aBase dati testuale 330 $aQuesto libro riguarda lo sviluppo di strategie implementabili per le aziende di spedizione marittime. 606 0 $aTrasporti marittimi$xGestione$2BNCF 676 $a387.5068 700 1$aLORANGE,$bPeter$0101888 801 0$bcba$aIT$bcba$gREICAT 912 $a996379547403316 959 $aEB 969 $aER 996 $aShipping company strategies$9726761 997 $aUNISA LEADER 01061nam a2200229 i 4500 001 991001936219707536 008 061107s2006 it | b 000 0 ita d 020 $a8814130930 035 $ab13450633-39ule_inst 040 $aISUFI - Sett. Diritti e Politiche Euromediterranee$bita 082 0 $a343.45092 100 1 $aBruti Liberati, Eugenio$0528540 245 13$aLa regolazione pro-concorrenziale dei servizi pubblici a rete :$bil caso dell'energia elettrica e del gas naturale /$cEugenio Bruti Liberati 260 $aMilano :$bGiuffrè,$c2006 300 $aviii, 232 p. ;$c24 cm 440 0$aMemorie della Facoltà di Giurisprudenza dell'Università del Piemonte Orientale Amedeo Avogadro.$nSer. 2 ;$v19 907 $a.b13450633$b02-04-14$c07-11-06 912 $a991001936219707536 945 $aLE029 343.09 BRU01.01$g1$i2029000007268$lle029$op$pE24.00$q-$rn$so $t0$u2$v0$w2$x0$y.i14313170$z07-11-06 996 $aRegolazione pro-concorrenziale dei servizi pubblici a rete$91098854 997 $aUNISALENTO 998 $ale029$b07-11-06$cm$da $e-$fita$git $h3$i0 LEADER 04617aam 2200361 n 450 001 9910985847903321 005 20250618102223 010 $a83-8220-801-0 024 $ahttps://doi.org/10.18778/8220-801-6 035 $a(CKB)5840000000041511 035 $a(ceeol)ceeol1298815 035 $a(CEEOL)1298815 035 $a(EXLCZ)995840000000041511 100 $a20252218d2022 ||l | 101 0 $apol 200 1 $aCenzorskie lekcje literatury. Studia o systemowej kontroli s?owa w Polsce po 1945 roku$fMarzena Wo?niak-?abieniec 210 $a?ód? [Poland] $cWydawnictwo Uniwersytetu ?ódzkiego$d2022 215 $a1 online resource (1 p. 296) 225 $aUniwersytet ?ódzki 311 08$a83-8220-800-2 330 $aThe studies which form the body of this collection have been developed over nearly a decade. Their goal: to discuss how censorship operated in the Polish People?s Republic, a system that utilised the state-controlled party-dependent Chief Control Bureau for Press, Publications and Performances (G?ówny Urz?d Kontroli Prasy, Publikacji i Widowisk ? GUKPPiW) to monitor and influence writers and the shape of their works. Most of the studies have applied the method of archival research reviewing documents left by the Control Bureau now held by the Archive of Modern Records (Archiwum Akt Nowych) in Warsaw and by select State Archives, and confronting them with published texts. In the first part, which is an introduction into censorship mechanisms, I have discussed how the Control Bureau subliminally shaped the image of the reality, consolidating the new order (protecting the image of the governing party) without anyone noticing, and how it covered its traces even during the thaw period. The second part consists of an extensive study devoted to the Nowiny Literackie journal edited by Iwaszkiewicz. The weekly?s two years of existence offer an excellent record of how the functioning of literature changed within the period of 1947?1948. It clearly shows how politics (or history) unfolding before one?s eyes gradually yet emphatically increased its influence on the literary journal. The final chapter of the second part discusses the post-WWII relations between friends from the Skamander literary group Jaros?aw Iwaszkiewicz and Mieczys?aw Grydzewski, the latter being the editor of the London-based Wiadomo?ci. The third part, the longest one, contains five studies of how five individual writers were censored, indicating the different extents of the censorship efforts and the reasons for specific interventions. In the case of Tadeusz Ró?ewicz, I have traced the censorship reception and the public reception of his initial poetic collection Opad?y li?cie z drzew. I applied a similar structure to the second chapter in this part, this time devoted to the novel Trampolina by Marek Nowakowski. In both cases I have focussed on a single original volume and reconstruct the story of its publication and reception. The third chapter is devised somewhat differently: we discuss censor reviews of subsequent collections of Teodor Parnicki?s prose in the context of his émigré biography, which was inconvenient for the governing party. The fourth chapter offers a chronological study of the interventions into the works by Jaros?aw Marek Rymkiewicz, from minor ?corrections? to the classicism programme due to his inspiration with Mi?osz to more major ones, resulting from his particular use of the Romantic paradigm. The final chapter in this part is devoted to Czes?aw Mi?osz. This time the focus is placed on the subsequent issues of the Tygodnik Powszechny, from its 1980 September issue, prior the Nobel Prize an-nouncement, to the July issue the following year, which contains the last ripples made by Mi?osz? visit in Poland. My selection of the studies was a result of, on the one hand, the fragmenta-tion of the GUKPPiW archives and, on the other, my intention to present interest-ing and sometimes surprising mechanisms of how censorship in Poland worked, mechanisms which become evident only when examined from up close. 606 $aLanguage and Literature Studies 606 $aStudies of Literature 615 0$aLanguage and Literature Studies 615 0$aStudies of Literature 700 $aWo?niak-?abieniec$b Marzena$01829234 712 02$aCentral and Eastern European Online Library 801 0$bceeol 801 1$bceeol 906 $aBOOK 912 $a9910985847903321 996 $aCenzorskie lekcje literatury. Studia o systemowej kontroli s?owa w Polsce po 1945 roku$94398414 997 $aUNINA